Statistics for 4-Letter Word Chain Game #5

Click here to take the quiz!

General Stats

  • This quiz has been taken 36,178 times
  • The average score is 22 of 30

Answer Stats

Hint Answer % Correct
Ark builderNoah
92%
Shrek's speciesOgre
92%
Something a cat saysMeow
92%
Angel's headgear?Halo
91%
Bigger than a villageTown
91%
Achilles's weaknessHeel
90%
Camel's notable body partHump
90%
Famously extinct animalDodo
87%
To ____ their ownEach
85%
Book smart personNerd
84%
Abominable snowmanYeti
83%
Place for coralReef
82%
Parsley or thyme, e.g.Herb
81%
Freddie Mercury's illnessAIDS
79%
Scottish lakeLoch
79%
Baby deerFawn
77%
Deep shade of blueNavy
77%
Comic sans, for exampleFont
76%
Capital of SwitzerlandBern
74%
Canis lupusWolf
73%
California wine regionNapa
65%
Yield to authorityObey
65%
Major city in FranceLyon
62%
StrollerPram
61%
Greek god of loveEros
58%
Iranian rulerShah
52%
Pagan winter holidayYule
51%
Betelgeuse or Vega, e.g.Star
48%
Graven imageIdol
48%
Fencing swordEpee
44%

Score Distribution

Percentile by Number Answered

Percent of People with Each Score

Your Score History

You have not taken this quiz